000 01773nkm a2200385 i 4500
001 2989
003 ES-MaACL
005 20250804050943.0
007 khrbo
008 041103s1981 sp --- g |001||spa d
100 0 _aAlfonso,
_d1902-1990
_919858
245 1 0 _aLectura dramatizada de "Crucero de verano al sol de medianoche" del autor Joaquín Esteban Perruca [
_hFotografía] /
_cAlfonso (sello).
260 _a[S.l. :
_bs.n.],
_c1981.
300 _a6 fot. :
_bb. y n. ;
_c12 x 18 y 13 x 18 cm.
500 _aDatos basados en invitación.
511 0 _aIntervienen: César de Varona, Carlos Díaz, Emy Alcalá, Pilar Llanes, Fernando Martín, Mila Roig, Antonio Pérez Bayod, Carmen Robles, Carlos Marcet, Roberto Altozano, José Luis Rogerio.
518 _aActo organizado por la Sección de Literatura, Secretaría de Teatro del Ateneo de Madrid, celebrado en la sala de conferencias el viernes 10 de abril de 1981, a las 19:15 h.
600 1 4 _aVarona, César de.
_9113243
600 1 4 _aDíaz, Carlos,
_d1944-
_944113
600 1 4 _aAlcalá, Emy.
_919450
600 1 4 _aLlanes, Pilar.
_972691
600 1 4 _aMartín, Fernando.
_977299
600 1 4 _aRoig, Mila.
_999005
600 1 4 _aPérez Bayod, Antonio.
_990663
600 1 4 _aRobles, Carmen.
_997925
600 1 4 _aMarcet, Carlos.
_976383
600 1 4 _aAltozano, Roberto.
_920560
600 1 4 _aRogerio, José Luis.
_998940
600 1 4 _aTamarit, José Francisco.
_9109145
610 2 4 _aAteneo de Madrid-
_xActos culturales-
_y1981-
_vFotografías.
_91892
710 2 _aAteneo de Madrid.
_bSección de Literatura. Secretaría de Teatro.
_91999
852 _aES-MaACL
_jFOT 20/1981
856 4 _uhttp://www.ateneodemadrid.net/biblioteca_digital/imagenes/1981/0020-1981.jpg
_zVer imagen
999 _c2989
_d2989